P:llä alkavat valtiot kartalla - Äkkikuolema - Statistics

Yleistilastot
  • Tätä visaa on pelattu 357 kertaa
  • Keskiarvotulos 7 / 12
Answers on the Grid
Answers color-coded by a green-red scale on the quiz's grid according to % correct below.
 
Vastaustilastot
Vastaus % Oikein
Pohjois-Makedonia, Portugali, Puola
83%
Panama, Peru
77%
Paraguay, Peru
77%
Puola
75%
Pakistan
75%
Pakistan
60%
Pohjois-Korea
48%
Päiväntasaajan Guinea
41%
Papua-Uusi-Guinea
41%
Palau, Papua-Uusi-Guinea
40%
Papua-Uusi-Guinea
38%
Portugali (Azorit)
31%
Ehtoja vastaavia visoja ei löytynyt
Tulosjakauma
Jokaisen tuloksen saaneiden osuus
Persentiili vastausten määrän mukaan
Tuloshistoriasi
Et ole pelannut tätä visaa